00984nam a22002657a 45000010005000000030006000050050017000110080041000280200015000690400029000840500014001130820012001271000017001392450085001562500045002412600038002863000043003245050008003675200227003755210020006025210020006226500022006426500021006647000033006855326FISKH20241126113640.0241126b cb ||||| |||| 00| 0 eng d a0590485946 aFISKHbengcFISKHdFISKH aPZ7.D1515 a823.914 aDahl, Roald  aThe Giraffe and the Pelly and Me /cby Roald Dahl : illustrated by Quentin Blake aFirst Scholastic printing, November 1996 aNew York : bScholastic ;c1985 . a78 pages : billustrations ;c20 cm .  aU  aA small boy with a desire to own a candy shop meets a window-washing team composed of a giraffe, a pelican, and a monkey and together they go to work for the wealthy Duke of Hampshire, who makes all their dreams come true.8 a840 bLexile 8 aU bRaz-Plus  agiraffesvFiction aanimalsvFiction aBlake, Quentineillustrator